Introduction to mathematical statistics / (Record no. 580)

MARC details
000 -LEADER
fixed length control field 00671nam a22002297a 4500
005 - DATE AND TIME OF LATEST TRANSACTION
control field 20250420134817.0
008 - FIXED-LENGTH DATA ELEMENTS--GENERAL INFORMATION
fixed length control field 200810b ||||| |||| 00| 0 eng d
020 ## - INTERNATIONAL STANDARD BOOK NUMBER
International Standard Book Number 9781292024998
040 ## - CATALOGING SOURCE
Transcribing agency KCST
082 ## - DEWEY DECIMAL CLASSIFICATION NUMBER
Classification number 519.5
Item number Ho In
100 ## - MAIN ENTRY--PERSONAL NAME
Personal name Hogg, Robert V.
9 (RLIN) 4975
245 ## - TITLE STATEMENT
Title Introduction to mathematical statistics /
Statement of responsibility, etc. Robert V Hogg; Allen T Craig; Joseph W McKean
250 ## - EDITION STATEMENT
Edition statement 7th edition
Remainder of edition statement Pearson new int. edition.
260 ## - PUBLICATION, DISTRIBUTION, ETC.
Place of publication, distribution, etc. Harlow:
Name of publisher, distributor, etc. Pearson,
Date of publication, distribution, etc. 2014.
300 ## - PHYSICAL DESCRIPTION
Extent 649 p.
650 ## - SUBJECT ADDED ENTRY--TOPICAL TERM
Topical term or geographic name entry element Mathematical statistics.
9 (RLIN) 1389
650 ## - SUBJECT ADDED ENTRY--TOPICAL TERM
Topical term or geographic name entry element Statistics.
9 (RLIN) 4976
700 ## - ADDED ENTRY--PERSONAL NAME
Personal name McKean, Joeseph
9 (RLIN) 4977
700 ## - ADDED ENTRY--PERSONAL NAME
Personal name Craig, Allen T.
9 (RLIN) 4978
942 ## - ADDED ENTRY ELEMENTS (KOHA)
Koha item type Book
942 ## - ADDED ENTRY ELEMENTS (KOHA)
Source of classification or shelving scheme Dewey Decimal Classification
Holdings
Withdrawn status Lost status Source of classification or shelving scheme Damaged status Not for loan Home library Current library Date acquired Cost, normal purchase price Total checkouts Full call number Barcode Date last seen Price effective from Koha item type
    Dewey Decimal Classification     KCST Library KCST Library 10/08/2020 27.00   519.5 Ho In 1000000576 10/08/2020 10/08/2020 Book
© 2025 KCST. All rights reserved